000 00549nam a22001817a 4500
999 _c184015
_d184015
005 20220110160428.0
010 _aENG-131062
020 _a978-93-52-534-890
_c1205.00
035 _aEN-114594
037 _bDBAD
082 _a540
100 _aMaidan, R.D.
245 _aISC CHEMISTRY:
_cR.D. Madan, B.S. Bisht
_bBook II/
260 _aNew Delhi
_bS Chand School Books
_c2013
270 _bNew Delhi
_aA-27, 2nd Floor, Mohan Co-operative Industrial Estate
_e110044
300 _a1868p.
_c24cm(pbk)
942 _2ddc
_cEN
_h540
_mMAD